| 000 | 00926nam a2200229Ia 4500 | ||
|---|---|---|---|
| 001 | 15726 | ||
| 003 | GE_BSU | ||
| 008 | 181216s||||||||xx |||||||||||||| ||und|| | ||
| 040 | _cGE_BSU | ||
| 080 | _a821.353.1-92 | ||
| 100 | _aწერეთელი, ა. | ||
| 245 | _aთხზულებათა სრული კრებული : 15 ტომად. ტ.11 | ||
| 245 | _bპუბლიცისტური წერილები, 1861-1880 | ||
| 245 | _cტომის რედ.: გ. აბზიანიძე. მხ.დ.დავლ.ქუთათელაძეები | ||
| 260 | _aთბილისი | ||
| 260 | _bსაბჭ. საქართველო | ||
| 260 | _c1960 | ||
| 300 | _a560გვ.20სმ | ||
| 653 | _aთხზულებათა სრული კრებული | ||
| 653 | _aპუბლიცისტური წერილები | ||
| 942 | _cBK | ||
| 999 |
_c48824 _d48824 |
||